Democracia mediática y campañas electorales /
שמור ב:
| מחבר ראשי: | |
|---|---|
| מחברים אחרים: | |
| פורמט: | ספר |
| שפה: | ספרדית |
| יצא לאור: |
Barcelona, España :
Ariel,
1999, c1999
|
| סדרה: | (Ariel Comunicación)
|
| נושאים: | |
| תגים: |
אין תגיות, היה/י הראשונ/ה לתייג את הרשומה!
|
MARC
| LEADER | 00000nam^a2200000^a^4500 | ||
|---|---|---|---|
| 001 | 000183499 | ||
| 005 | 20250522000000.0 | ||
| 009 | 20260310102044.556 | ||
| 020 | |a 84-344-1277-2 | ||
| 037 | |a Acervo ITESO - Biblioteca | ||
| 041 | |a ESP | ||
| 082 | |a 324. 730940559 |b MUÑ | ||
| 100 | |a Muñoz-Alonso, Alejandro |e (ed.) | ||
| 245 | 1 | 0 | |a Democracia mediática y campañas electorales / |c Ed. e introd. de A. Muñoz-Alonso, J.I. Rospir. |
| 264 | 4 | |a Barcelona, España : |b Ariel, |c 1999, c1999 | |
| 300 | |a 222 p. | ||
| 336 | |a texto |b txt |2 rdacontenido | ||
| 337 | |a sin mediación |b n |2 rdamedio | ||
| 338 | |a volumen |b nc |2 rdasoporte | ||
| 440 | 1 | |a (Ariel Comunicación) | |
| 649 | |a XX | ||
| 650 | |a Campaña Electoral - |z Alemania - |x Historia | ||
| 650 | |a Campaña Electoral - |z España - |x Historia | ||
| 650 | |a Campaña Electoral - |z Inglaterra - |x Historia | ||
| 650 | |a Elecciones - |z Alemania - |x Historia | ||
| 650 | |a Elecciones - |z España - |x Historia | ||
| 650 | |a Elecciones - |z Inglaterra - |x Historia | ||
| 650 | |a Derecho a la Información - |z España | ||
| 650 | |a Derecho Electoral - |z España | ||
| 650 | |a Derecho Político - |z España | ||
| 650 | |a Televisión - |z España | ||
| 650 | |a Medios Audiovisuales - |z España | ||
| 650 | |a Medios de Comunicación - |z Alemania | ||
| 650 | |a Medios de Comunicación - |z España | ||
| 650 | |a Comunicación Visual - |z España | ||
| 650 | |a Comunicación Masiva - |z Alemania | ||
| 650 | |a Comunicación Masiva - |z España | ||
| 650 | |a Mercadotecnia Política | ||
| 650 | |a Comunicación y Democracia | ||
| 650 | |a Comunicación y Política - |z Alemania - |x Historia | ||
| 650 | |a Comunicación y Política - |z Inglaterra - |x Historia | ||
| 650 | |a Comunicación y Política - |z España - |x Historia | ||
| 650 | |a Alemania - |x Condiciones Políticas | ||
| 650 | |a Política - |z Alemania - |x Historia - |y Reunificación, 1990 | ||
| 650 | |a Política - |z Alemania - |x Historia - |y Siglo XX | ||
| 650 | |a España - |x Condiciones Políticas | ||
| 650 | |a Política - |z España - |x Historia - |y 1982-1996 | ||
| 650 | |a Política - |z España - |x Historia - |y Juan Carlos I, 1975-2014 | ||
| 650 | |a Política - |z España - |x Historia - |y Siglo XX | ||
| 650 | |a Inglaterra - |x Condiciones Políticas | ||
| 650 | |a Política - |z Inglaterra - |x Historia - |y 1990-1997 | ||
| 650 | |a Política - |z Inglaterra - |x Historia - |y Isabel II, 1952-2022 | ||
| 650 | |a Política - |z Inglaterra - |x Historia - |y Período Victoriano y Casa de Windsor, 1837 en Adelante | ||
| 650 | |a Política - |z Inglaterra - |x Historia - |y Siglo XX | ||
| 650 | |a Europa - |x Condiciones Políticas | ||
| 650 | |a Política - |z Europa - |x Historia - |y 1989-2000 | ||
| 650 | |a Política - |z Europa - |x Historia - |y Siglo XX | ||
| 700 | |a Rospir, Juan Ignacio |e (edición) | ||
| 910 | |a Fondo General | ||
| 920 | |a Impresos - Libros | ||
| 930 | |a Colección General | ||
| 905 | |a 101 | ||
| 901 | |a 0500124059 |b IT1 |c ACC |u 20250521 | ||
| 902 | |a https://opac.biblio.iteso.mx/vufind/Record/000183499 | ||